| 000 | 00643ntaaa2200205 4500 | ||
|---|---|---|---|
| 003 | 01 | ||
| 005 | 20251027202317.0 | ||
| 008 | 0714s1973 ag 01 | ||
| 040 |
_aAR-BaBN _bspa _cAR-BaBN _eaacr _dRIC |
||
| 082 | _a280.1000 M366 | ||
| 100 |
_aMartin, Hugh _910978 |
||
| 245 | _aBeginning at Edinburgh | ||
| 250 | _a1 ed. | ||
| 260 |
_aLondon : _bEdinburgh House Press, _cc1760 |
||
| 300 | _a20 p | ||
| 500 | _aEstudio breve de los primeros 50 aƱos de The World Missionary Conference y The International Missionary Council | ||
| 650 |
_aConcilio mundial de iglesias _93998 |
||
| 650 |
_aInternational missionary council _921674 |
||
| 942 | _cBK | ||
| 999 |
_c17904 _d17904 |
||